European Integration and Reporting Requirements of Companies in the Slovak Republic

Spolupráca medzi jednotlivými štátmi EÚ vyžaduje zavedenie jednotných pravidiel pre členské štáty. Dokonca aj v oblasti účtovníctva, zavedenie jednotných požiadaviek na zverejňovanie informácií pre spoločnosti v Únii, sa stalo dôležitým krokom. Dôraz sa kladie aj na princípy európskej integrácie a t...

Full description

Saved in:
Bibliographic Details
Main Author: Pakšiová, Renáta, 1974-
Other Authors: Lovciová, Kornélia, 1983-
Format: Book Chapter
Language:English
Subjects:
Tags: Add Tag
No Tags, Be the first to tag this record!

MARC

LEADER 00000nla a2200000 4500
001 0243849
005 20240502083653.6
041 0 |a eng 
044 |a CZ 
245 1 0 |a European Integration and Reporting Requirements of Companies in the Slovak Republic  |c Renáta Pakšiová, Kornélia Lovciová 
520 |a Spolupráca medzi jednotlivými štátmi EÚ vyžaduje zavedenie jednotných pravidiel pre členské štáty. Dokonca aj v oblasti účtovníctva, zavedenie jednotných požiadaviek na zverejňovanie informácií pre spoločnosti v Únii, sa stalo dôležitým krokom. Dôraz sa kladie aj na princípy európskej integrácie a trvalo udržateľný rozvoj, ktorý si vyžaduje sociálne zodpovedné podnikanie. 
610 2 0 |a integrácia ekonomická medzinárodná 
610 2 0 |a výkazy finančné 
610 2 0 |a výkazy účtovné 
610 2 0 |a výkony podnikové 
610 2 0 |a rozvoj trvalo udržateľný 
610 2 0 |a zodpovednosť podniku spoločenská 
100 1 |a Pakšiová, Renáta, 1974- 
700 1 |a Lovciová, Kornélia, 1983-